A Feasibility study on the establishment of Bambino Care in Colon Extension, Taclobo, Dumaguete City / (Record no. 5750)
[ view plain ]
| 000 -LEADER | |
|---|---|
| fixed length control field | 03281naa a2200349Ia 4500 |
| 003 - CONTROL NUMBER IDENTIFIER | |
| control field | OSt |
| 005 - DATE AND TIME OF LATEST TRANSACTION | |
| control field | 20260416143804.0 |
| 008 - FIXED-LENGTH DATA ELEMENTS--GENERAL INFORMATION | |
| fixed length control field | 260416s2017 xx 000 0 und d |
| 040 ## - CATALOGING SOURCE | |
| Original cataloging agency | Foundation University |
| Language of cataloging | Eng |
| Transcribing agency | Foundation University |
| Description conventions | rda |
| 050 ## - LIBRARY OF CONGRESS CALL NUMBER | |
| Classification number | CBA (FinMgt-FS) LG 221 D35 B87 |
| Item number | A5 B87 F56 2019 A76 |
| 099 ## - LOCAL FREE-TEXT CALL NUMBER (OCLC) | |
| Classification number | 799 |
| 100 ## - MAIN ENTRY--PERSONAL NAME | |
| Personal name | Aro, Lelie Ariele C. |
| 9 (RLIN) | 1517 |
| Relator term | author. |
| 245 10 - TITLE STATEMENT | |
| Title | A Feasibility study on the establishment of Bambino Care in Colon Extension, Taclobo, Dumaguete City / |
| Statement of responsibility, etc. | by Leslie Ariele C. Aro, Joan T. Bandoquillo, Dhanica Louise A. Catada and Geremy S. Kinkito |
| 264 ## - PRODUCTION, PUBLICATION, DISTRIBUTION, MANUFACTURE, AND COPYRIGHT NOTICE | |
| Place of production, publication, distribution, manufacture | Dumaguete City |
| Name of producer, publisher, distributor, manufacturer | Foundation Uiniversity, |
| Date of production, publication, distribution, manufacture, copy right date | 2019. |
| Copyright Date | 2019. |
| 300 ## - PHYSICAL DESCRIPTION | |
| Extent | xiii, 188 leaves : |
| Other physical details | ill. (chiefly color) ; |
| Dimensions | 28 cm. |
| Materials specified | volume |
| Type of unit | resource |
| 336 ## - CONTENT TYPE | |
| Source | rdacontent |
| Content type term | text |
| Content type code | txt |
| 337 ## - MEDIA TYPE | |
| Source | rdamedia |
| Media type term | unmediated |
| Media type code | n |
| 338 ## - CARRIER TYPE | |
| Materials specified | rdacarrier |
| Carrier type term | volume |
| Carrier type code | nc |
| 502 ## - DISSERTATION, THESIS NOTE | |
| Master's Degree Note | Undergraduate feasibility (BS in Administration Major in Financial management ) - - Foundation University, 2019. |
| 504 ## - BIBLIOGRAPHY, ETC. NOTE | |
| Bibliography, etc. note | Includes bibliographical references and appendices. |
| 520 ## - ABSTRACT, SUMMARY, ETC. | |
| Abstract, Summary, etc. | ABSTRACT<br/>The main objective of the study is to determine the feasibility of cstablishing Bambino<br/>Care in Colon Extension, Brgy. Taclobo, Dumaguete City, Negros Oriental, which offers<br/>services that will cater infants and toddlers. The target market was composed of parents of<br/>infants and toddlers who are busy working and don't have enough time to take care of infants<br/>and toddlers.<br/>The method used in gathering the infornation is through distributing survey<br/>questionnaires to four hundred (400) respondents as the sample size out of 400 respondents, 92 are from Sibulan, 200 are fromn Dumaguete City, 52 are from Valencia, and 56 are from Bacong.<br/>The sampling technique applied was Stratified Random Sampling.<br/>The researchers concluded that establishing Bambino Care is feasible in all of the aspects.<br/>The results show that eighty-nine percent (89%) of the parents are willing to patronize the said<br/>child care facility if available in Dumaguete City. The results also indicate that the establishment<br/>of the business is highly accepted in the market. The business is also feasible technically as to the<br/>availability of the cquipment and materials in the markct. The location is also technically feasible<br/>as it is a suitable place to establish the said business because it was not a common road that most<br/>of the vehicles will pass by. It was good for the business since it will cater young children. The<br/>payback period is estimated to be 5 years. |
| 650 ## - SUBJECT ADDED ENTRY--TOPICAL TERM | |
| Topical term or geographic name entry element | Feasibility studies |
| Geographic subdivision | Philippines. |
| -- | Dumaguete City. |
| 9 (RLIN) | 15516 |
| 650 ## - SUBJECT ADDED ENTRY--TOPICAL TERM | |
| Topical term or geographic name entry element | Child care services |
| Geographic subdivision | Philippines. |
| -- | Dumaguete City. |
| 9 (RLIN) | 15517 |
| 650 ## - SUBJECT ADDED ENTRY--TOPICAL TERM | |
| Topical term or geographic name entry element | Day care centers |
| Geographic subdivision | Philippines. |
| -- | Dumaguete City. |
| 9 (RLIN) | 14619 |
| 650 ## - SUBJECT ADDED ENTRY--TOPICAL TERM | |
| Topical term or geographic name entry element | Small business |
| Geographic subdivision | Philippines |
| -- | Dumaguete City. |
| 9 (RLIN) | 13723 |
| 658 ## - INDEX TERM--CURRICULUM OBJECTIVE | |
| Main curriculum objective | Project Feasibility Study : |
| Subordinate curriculum objective | Administration Major in Financial Management Bachelor of Science in ; |
| Curriculum code | FSB301 |
| 700 ## - ADDED ENTRY--PERSONAL NAME | |
| Personal name | Bandoquillo, Joan T. |
| Fuller form of name | co-author |
| 9 (RLIN) | 15518 |
| 700 ## - ADDED ENTRY--PERSONAL NAME | |
| Personal name | Catada, Dhanica Louise A. |
| Fuller form of name | co-author |
| 9 (RLIN) | 15519 |
| 700 ## - ADDED ENTRY--PERSONAL NAME | |
| Personal name | Kinkito, Geremy S. |
| Relator term | co-author |
| 9 (RLIN) | 15520 |
| 700 ## - ADDED ENTRY--PERSONAL NAME | |
| Personal name | Ybarrita Marrisa B., |
| Relator term | co-author |
| 9 (RLIN) | 15521 |
| 942 ## - ADDED ENTRY ELEMENTS (KOHA) | |
| Source of classification or shelving scheme | Library of Congress Classification |
| Koha item type | Feasibility Study |
| Classification part | LG 221 D35 B87 |
| Item part | A5 B87 F56 2019 A76 |
| Call number prefix | CBA (FinMgt-FS) |
| Withdrawn status | Lost status | Source of classification or shelving scheme | Damaged status | Not for loan | Home library | Current library | Shelving location | Date acquired | Source of acquisition | Total Checkouts | Full call number | Barcode | Date last seen | Price effective from | Koha item type | Accession Number |
|---|---|---|---|---|---|---|---|---|---|---|---|---|---|---|---|---|
| Library of Congress Classification | Foundation University Library | Foundation University Library | Undergraduate Thesis | 04/16/2026 | Donated | CBA (FinMgt-FS) LG 221 D35 B87 A5 B87 F56 2019 A76 | 61543 | 04/16/2026 | 04/16/2026 | Feasibility Study | FinMgt-FS-2026032 |
